000 01646cam a22004694 4500
003 PE-LiUPU
005 20250731173334.0
008 1974 sp
020 _a8470571494
035 _a(Sirsi) i9788470571497
035 _a(Sirsi) 10430
035 _a(Sirsi) 10430
041 _aes
044 _aes
049 _aPRUA
082 0 4 _a262.001
_bR18
_223
100 1 _aRahner, Karl,
_eautor.
245 _aCambio estructural en la Iglesia /
_cKarl Rahner; [tradujo al castellano Alvaro Alemany].
264 1 _aMadrid :
_bEdiciones Cristiandad,
_c1974.
300 _a164 páginas ;
_c18 centímetros.
490 0 _aEpifanía
_v1
505 0 _aAnálisis de la situación -- Iglesia de la pequeña grey -- Iglesia del desfase temporal -- Iglesia de la polarización y el agrupamiento -- Consideraciones metodológicas previas -- Iglesia católica romana -- iglesia desclericalizada -- Iglesia.
526 _aSEG42
526 _aSEG41
526 _aSEG40
526 _aSEG39
526 _aP94
526 _aP87
526 _aP86
526 _aP85
526 _aP77
526 _aP76
526 _aP35
650 1 4 _aHistoria eclesiástica
_ySiglo XX.
942 _2ddc
_cBOOK
949 _a262.001 R18
_i15460
_lCCODEBUL1
_mBUL
_tLIBRO
_o.STAFF. Circulación
859 _q15460
_h262.001
_iR18
910 _aaj-sj
596 _a1
999 _a262.001 R18
_wDEWEY
_c48893
_i15460
_f2021-11-12
_g5
_lCCODEBUL1
_mBUL
_p20.00
_r0
_sY
_tBOOK
_u2015-6-16
_xTEOLOGIA
_PP35
_0COMPRA
_o.STAFF. Colección Teología
_d48893
980 _81
_gALBERTO SANCHEZ Responsable de Automatización